000 00816nam a2200241Ia 4500
003 OSt
005 20220923220509.0
006 a|||||r|||| 00| 0
007 ta
008 220922b |||||||| |||| 00| 0 hin d
024 _a186,993
037 _cTextual
040 _aARTS
_cARTS
_bhin
041 _2hin
_ahin
082 _aX724, 152L3
100 _aरारा, हरक चन्द; श्रीवास्तव, जे पी
_9164276
245 0 _aआयकर
246 _aĀyakara
260 _aदिल्ली
_b नेशनल पब्लिशिगं हाउस
_c1973
650 _aअर्थशास्त्र
942 _hX724, 152L3
_cTEXL
_2CC
999 _c340236
_d340236